00333nam a2200109Ia 4500008004100000082000800041100001600049245004200065942000600107952009500113999001500208240331s9999 xx 000 0 und d bSAM aSamuel, G.J 0aPanpattuk kalappum ilakkiya orumaiyum cL 001040708LaWERCLbWERCLcSSCd2024-03-31l0o 306 SAMp1446r2024-03-31w2024-03-31yL c2105d2105